| 000 | | | 04212ckm0a2200277#x 450 |
| 001 | | | 20fd7e15-db0a-4de4-8dd2-fa8f8444d621 |
| 005 | | | 20250526114443.0 |
| 100 | ## | $a | 20221226j194111##k###0rusy50 ca |
| 101 | 0# | $a | rus |
| 102 | ## | $a | RU |
| 116 | ## | $a | fiybxx####zz####zz |
| 122 | 0# | $a | d194111#### |
| 200 | 1# | $a | Военный совет Юго-Западного направления: С. К. Тимошенко, Н. С. Хрущев, И. Х. Баграмян (слева направо) |
| | $j | Ноябрь 1941 г. |
| 251 | ## | $c | Документ |
| 300 | ## | $a | Фотография |
| 461 | #0 | $1 | 2001 |
| | $a | Ф. 397 |
| | $1 | 251 |
| | $c | Фонд |
| | $1 | 852 |
| | $j | 397 |
| 462 | #0 | $1 | 2001 |
| | $a | Оп. 3 |
| | $1 | 251 |
| | $c | Опись |
| | $1 | 852 |
| | $j | 3 |
| 605 | ## | $2 | prlib_sh |
| | $3 | LIBNET\UAF\0000088514 |
| | $a | Вторая мировая война в архивных документах (Комплекс оцифрованных архивных документов, кино- и фотоматериалов) |
| | $l | коллекция |
| 605 | ## | $a | Россия в лицах |
| | $l | коллекция |
| | $2 | DITM\AF\0000004166 |
| | $3 | acquisition_Prlib |
| 606 | 1# | $2 | nlr_sh |
| | $3 | RU\NLR\AUTH\66111865 |
| | $a | Великая Отечественная война |
| | $z | 1941 - 1945 |
| | $x | Партизанское движение |
| | $j | Фотографии |
| 608 | ## | $2 | prlib_sh |
| | $3 | LIBNET\UAF\0000093096 |
| | $a | Документальные фотографии |
| | $z | 1941 |
| 686 | ## | $a | 63.3(2)622,5я611 |
| | $v | LBC/M |
| | $2 | rubbk |
| 801 | #0 | $a | RU |
| | $b | ПБ им. Б.Н. Ельцина |
| | $c | 20221226 |
| 801 | #1 | $a | RU |
| | $b | ПБ им. Б.Н. Ельцина |
| | $c | 20221226 |
| | $2 | rusmarc |
| 801 | #2 | $a | RU |
| | $b | ПБ им. Б.Н. Ельцина |
| | $c | 20221229 |
| | $2 | rusmarc |
| 850 | ## | $a | Российский государственный архив социально-политической истории |
| 852 | ## | $a | РГАСПИ |
| | $j | Д. 32 |
| 035 | ## | $a | LIBNET\0001299507 |
| 937 | ## | $d | 181836892 |
| | $h | Федеральное архивное агентство |
| 856 | 4# | $u | http://readingroom.main.prlib.ru/item.aspx?id_node=n181836892&mode=full |